[Event "RUS-ch IPCA"]
[Site "Volgograd"]
[Date "2017.05.07"]
[Round "8"]
[White "Goncharov, Vladimir"]
[Black "Denisov, Denis"]
[Result "0-1"]
[WhiteElo "2033"]
[BlackElo "1944"]
[PlyCount "112"]
[EventDate "2017.04.30"]
[EventType "swiss"]
[EventRounds "9"]
[EventCountry "RUS"]
[SourceTitle "CBM 178 Extra"]
[Source "ChessBase"]
[SourceDate "2017.06.22"]
[SourceVersion "1"]
[SourceVersionDate "2017.06.22"]
[SourceQuality "1"]

1. Nf3 Nf6 2. b3 c5 3. Bb2 d5 4. e3 Nc6 5. Bb5 Bd7 6. 0-0 Qc7 7. d3 e6 8. Bxc6 Bxc6 9. Ne5 Bd6 10. f4 0-0 11. Nd2 Be8 12. a4 Nd7 13. Nxd7 Bxd7 14. Nf3 f6 15. Qe1 Be8 16. g3 Bg6 17. Nh4 Bh5 18. e4 c4 19. exd5 cxd3 20. cxd3 exd5 21. Qf2 Bc5 22. Bd4 Bxd4 23. Qxd4 Qd7 24. Rfe1 b6 25. a5 Rab8 26. b4 Rfc8 27. f5 Rc2 28. g4 Bf7 29. Ng2 Qd6 30. Qe3 Qxb4 31. Qg3 Rbc8 32. axb6 Qxb6+ 33. Qe3 d4 34. Qg3 Bd5 35. Nf4 Ba8 36. Ne2 Qc6 37. Kf2 Re8 38. Rxa7 Qb6 39. Rxa8 Rxa8 40. Qf3 Rd8 41. Kg1 Qc6 42. Qxc6 Rxc6 43. Nf4 Rc2 44. Ne6 Rb8 45. Nxd4 Rd2 46. Nc6 Rb6 47. Ne7+ Kf7 48. Nd5 Rd6 49. Nf4 Rd4 50. Rf1 g5 51. fxg6+ hxg6 52. h4 Ra2 53. Rf3 Raa4 54. Ng2 Rxg4 55. Kh2 Ra2 56. Rg3 Rxh4+ 0-1

[Event "RUS-ch IPCA"]
[Site "Volgograd"]
[Date "2017.04.30"]
[Round "1"]
[White "Ivanov, Valentin"]
[Black "Denisov, Denis"]
[Result "0-1"]
[WhiteElo "1802"]
[BlackElo "1944"]
[PlyCount "46"]
[EventDate "2017.04.30"]
[EventType "swiss"]
[EventRounds "9"]
[EventCountry "RUS"]
[SourceTitle "CBM 178 Extra"]
[Source "ChessBase"]
[SourceDate "2017.06.22"]
[SourceVersion "1"]
[SourceVersionDate "2017.06.22"]
[SourceQuality "1"]

1. e4 e5 2. c4 Nf6 3. d3 Bc5 4. Nf3 Nc6 5. Nc3 Ng4 6. d4 exd4 7. Nxd4 Nxf2 8. Kxf2 Bxd4+ 9. Ke2 d5 10. h3 dxc4 11. Nd5 0-0 12. Bf4 Re8 13. Qc2 Qxd5 14. Kf3 Qh5+ 15. Kg3 Be5 16. Qf2 g5 17. Kh2 Bxf4+ 18. Kg1 Rxe4 19. Re1 Rxe1 20. Qxe1 Be6 21. Qe4 Rd8 22. Be2 Rd1+ 23. Kf2 Qh4+ 0-1

[Event "IPCA Wch 15th"]
[Site "Bratislava"]
[Date "2015.06.23"]
[Round "6"]
[White "Tocklin, Tomi"]
[Black "Denisov, Denis"]
[Result "0-1"]
[WhiteElo "1869"]
[BlackElo "1913"]
[PlyCount "52"]
[EventDate "2015.06.19"]
[EventType "swiss"]
[EventRounds "9"]
[EventCountry "SVK"]
[SourceTitle "CBM 167 Extra"]
[Source "ChessBase"]
[SourceDate "2015.09.14"]
[SourceVersion "1"]
[SourceVersionDate "2015.09.14"]
[SourceQuality "1"]

1. e4 c5 2. Nf3 d6 3. Bb5+ Nd7 4. d4 cxd4 5. Qxd4 a6 6. Bxd7+ Bxd7 7. Nc3 e5 8. Qd3 h6 9. Be3 Nf6 10. 0-0 Be7 11. a4 Be6 12. a5 Rc8 13. Nd2 d5 14. exd5 Nxd5 15. Nxd5 Qxd5 16. Qxd5 Bxd5 17. c3 0-0 18. f4 e4 19. f5 Rfd8 20. Ra4 Bc6 21. Rd4 Bf6 22. Rxd8+ Rxd8 23. Kf2 Rd5 24. Ke2 Rxa5 25. Bd4 Bxd4 26. cxd4 Bb5+ 0-1

[Event "IPCA Wch 15th"]
[Site "Bratislava"]
[Date "2015.06.19"]
[Round "1"]
[White "Denisov, Denis"]
[Black "Gurbanov, Andrei"]
[Result "0-1"]
[WhiteElo "1913"]
[BlackElo "2355"]
[PlyCount "76"]
[EventDate "2015.06.19"]
[EventType "swiss"]
[EventRounds "9"]
[EventCountry "SVK"]
[SourceTitle "CBM 167 Extra"]
[Source "ChessBase"]
[SourceDate "2015.09.14"]
[SourceVersion "1"]
[SourceVersionDate "2015.09.14"]
[SourceQuality "1"]

1. Nf3 d5 2. g3 Nf6 3. Bg2 c6 4. 0-0 Bf5 5. d3 h6 6. Nbd2 e6 7. c4 Be7 8. Nd4 Bh7 9. Qb3 Qb6 10. Qxb6 axb6 11. N2f3 0-0 12. h3 Nbd7 13. g4 dxc4 14. dxc4 Ne4 15. Rd1 Ndc5 16. Bf4 Na4 17. Be5 Bc5 18. e3 Nxb2 19. Nxe6 Nxd1 20. Nxf8 Ndxf2 21. Nxh7 Bxe3 22. Bd4 Nxh3+ 23. Kh2 Nhf2 24. Bxe3 Nxg4+ 25. Kg1 Nxe3 26. Re1 Ra3 27. Ne5 Nd6 28. Nf6+ gxf6 29. Nd7 Ndxc4 30. Re2 Kg7 31. Be4 f5 32. Bf3 Rd3 33. Nb8 Rd8 34. Nxc6 bxc6 35. Bxc6 Rd1+ 36. Kh2 Kf6 37. Bb5 f4 38. Bc6 Ke5 0-1

[Event "RUS IPCA-ch"]
[Site "Nalchik"]
[Date "2015.05.08"]
[Round "9"]
[White "Shumsky, Vladimir"]
[Black "Denisov, Denis"]
[Result "1/2-1/2"]
[WhiteElo "1867"]
[BlackElo "1945"]
[PlyCount "87"]
[EventDate "2015.04.30"]
[EventType "swiss"]
[EventRounds "9"]
[EventCountry "RUS"]
[SourceTitle "EXT 2018"]
[Source "ChessBase"]
[SourceDate "2017.10.13"]
[SourceVersion "1"]
[SourceVersionDate "2017.10.13"]
[SourceQuality "1"]

1. d4 Nf6 2. Nf3 e6 3. Bf4 c5 4. c3 Nc6 5. e3 b6 6. Nbd2 Nh5 7. Bg3 Bb7 8. Be2 Be7 9. 0-0 Nxg3 10. hxg3 d5 11. Bd3 Rc8 12. Rc1 cxd4 13. exd4 0-0 14. Re1 Bf6 15. Nf1 Qd6 16. N1h2 g6 17. Ng4 Bg7 18. Qd2 f6 19. Bc2 Kh8 20. Qd3 e5 21. Qe2 e4 22. Nd2 f5 23. Ne3 g5 24. Qh5 f4 25. Ng4 Qg6 26. Qxg6 hxg6 27. f3 e3 28. Nf1 Kh7 29. Bd3 Rc7 30. Re2 Nxd4 31. Ree1 Nf5 32. gxf4 gxf4 33. Rc2 g5 34. Nfxe3 fxe3 35. Nxe3 Re7 36. Rce2 Ba6 37. Bxa6 Nxe3 38. Rxe3 Rxe3 39. Rxe3 d4 40. Re7 Kh8 41. Rxa7 dxc3 42. bxc3 Bxc3 43. Bd3 Rd8 44. Be4 1/2-1/2

[Event "IPCA Wch 14th"]
[Site "Apatin"]
[Date "2014.09.23"]
[Round "9"]
[White "Kestlane, Harry"]
[Black "Denisov, Denis"]
[Result "1/2-1/2"]
[WhiteElo "1843"]
[BlackElo "1995"]
[PlyCount "99"]
[EventDate "2014.09.16"]
[EventType "swiss"]
[EventRounds "9"]
[EventCountry "SRB"]
[SourceTitle "CBM 162 Extra"]
[Source "ChessBase"]
[SourceDate "2014.10.17"]
[SourceVersion "1"]
[SourceVersionDate "2014.10.17"]
[SourceQuality "1"]

1. e4 c5 2. Nf3 d6 3. d4 cxd4 4. Nxd4 Nf6 5. Nc3 a6 6. f3 e5 7. Nb3 Qc7 8. Be3 Be7 9. Qd2 Be6 10. 0-0-0 Nc6 11. Nd5 Bxd5 12. exd5 Na7 13. Kb1 Nc8 14. g4 Nb6 15. Bxb6 Qxb6 16. g5 Nh5 17. h4 Nf4 18. c4 0-0 19. Bd3 a5 20. Qc2 Nxd3 21. Qxd3 a4 22. Nd2 a3 23. b3 f5 24. gxf6 gxf6 25. Ne4 Kh8 26. Rhg1 Rg8 27. Rxg8+ Rxg8 28. Nc3 Qf2 29. Rd2 Rg1+ 30. Kc2 Qf1 31. Nd1 Qh3 32. b4 Qxh4 33. Ne3 Qe1 34. Qxa3 Qb1+ 35. Kc3 Re1 36. Nc2 Rf1 37. Qa8+ Kg7 38. Qxb7 Rxf3+ 39. Rd3 Rxd3+ 40. Kxd3 Qf1+ 41. Kc3 Qh3+ 42. Kb2 Kf8 43. Qb8+ Kf7 44. c5 f5 45. c6 Bf6 46. Qa7+ Kf8 47. Qb8+ Kg7 48. Qa7+ Kf8 49. Qb8+ Kg7 50. Qa7+ 1/2-1/2

[Event "W-ch Disabled"]
[Site "Dresden"]
[Date "2013.10.25"]
[Round "4"]
[White "Denisov, Denis"]
[Black "Migala, Andrzej"]
[Result "1/2-1/2"]
[WhiteElo "1965"]
[BlackElo "2057"]
[PlyCount "89"]
[EventDate "2013.10.22"]
[EventType "swiss"]
[EventRounds "7"]
[EventCountry "GER"]
[SourceTitle "CBM 157 Extra"]
[Source "ChessBase"]
[SourceDate "2013.12.19"]
[SourceVersion "1"]
[SourceVersionDate "2013.12.19"]
[SourceQuality "1"]

1. e4 c5 2. Nf3 d6 3. Bb5+ Nc6 4. 0-0 Bd7 5. c3 a6 6. Be2 Nf6 7. d3 Bg4 8. h3 Bh5 9. d4 cxd4 10. cxd4 d5 11. e5 Ne4 12. Be3 e6 13. Nbd2 Nxd2 14. Qxd2 Be7 15. Rfc1 0-0 16. a3 Rc8 17. Rc3 Qd7 18. Rac1 Na7 19. Bg5 Rc6 20. Rxc6 Rc8 21. Bxe7 Qxe7 22. Rxc8+ Nxc8 23. g4 Bg6 24. Qc3 Qd7 25. Nd2 Ne7 26. Nb3 Nc6 27. Nc5 Qc8 28. b4 Nd8 29. Qb2 f6 30. b5 axb5 31. exf6 b6 32. Nd3 Bxd3 33. Bxd3 gxf6 34. Qxb5 Qc6 35. Qa6 Qc7 36. Qa4 Qc6 37. Qa7 Qb7 38. Qxb7 Nxb7 39. Kf1 Nd6 40. Ke2 h6 41. a4 Kf7 42. f4 f5 43. Ke3 Kf6 44. Kf3 Ne4 45. Ke3 1/2-1/2

[Event "W-ch Disabled"]
[Site "Dresden"]
[Date "2013.10.22"]
[Round "1"]
[White "Babarykin, Stanislav"]
[Black "Denisov, Denis"]
[Result "1-0"]
[WhiteElo "2306"]
[BlackElo "1965"]
[PlyCount "55"]
[EventDate "2013.10.22"]
[EventType "swiss"]
[EventRounds "7"]
[EventCountry "GER"]
[SourceTitle "CBM 157 Extra"]
[Source "ChessBase"]
[SourceDate "2013.12.19"]
[SourceVersion "1"]
[SourceVersionDate "2013.12.19"]
[SourceQuality "1"]

1. e4 e5 2. Nf3 Nc6 3. d4 exd4 4. Nxd4 Bc5 5. Nxc6 Qf6 6. Qf3 Qxc6 7. Nc3 Bd4 8. Nd5 Nf6 9. c3 Be5 10. Bf4 Bxf4 11. Qxf4 Nxd5 12. exd5 Qc5 13. 0-0-0 0-0 14. d6 cxd6 15. Rxd6 b5 16. Bd3 Re8 17. Rd1 a5 18. Rd5 Qb6 19. Bxh7+ Kxh7 20. Rh5+ Kg8 21. Qh4 Qh6+ 22. Rxh6 gxh6 23. Rd3 Ra6 24. Rg3+ Kh7 25. Qf4 Re7 26. Qf5+ Kh8 27. Qc5 Re8 28. Qd4+ 1-0

[Event "RUS IPCA-ch"]
[Site "Adler"]
[Date "2009.10.14"]
[Round "?"]
[White "Denisov, Denis"]
[Black "Chesnokov, Vladimir"]
[Result "0-1"]
[WhiteElo "1985"]
[BlackElo "2040"]
[PlyCount "61"]
[EventDate "2009.10.07"]
[EventType "swiss"]
[EventRounds "9"]
[EventCountry "RUS"]
[SourceTitle "EXT 2023"]
[Source "ChessBase"]
[SourceDate "2022.10.05"]
[SourceVersion "1"]
[SourceVersionDate "2022.10.05"]
[SourceQuality "1"]

1. e4 c6 2. d3 d5 3. Nd2 e5 4. Ngf3 Bd6 5. g3 Ne7 6. Bg2 0-0 7. 0-0 Bg4 8. h3 Bh5 9. Re1 Nd7 10. g4 Bg6 11. Nh4 d4 12. Nf5 Bc7 13. Rf1 f6 14. Nc4 Nxf5 15. exf5 Bf7 16. Nd2 Nb6 17. Ne4 Nd5 18. c4 Nf4 19. b3 Nxg2 20. Kxg2 b6 21. h4 Be8 22. g5 Qc8 23. Qg4 fxg5 24. Bxg5 Qxf5 25. Qg3 Bh5 26. f3 Rf7 27. Rf2 Raf8 28. Kh2 Qg6 29. Qh3 Qf5 30. Qg3 Kh8 31. Rg1 0-1